LEADER 00863nam a2200205 4500 001 000000364531 003 CaOOAMICUS 005 20250930151033.0 008 250930s1951 it 2 000 u ita r 040 $aSeMil$bita 100 1 $aDossi, Luigi.$0(OLS)http://semarc/name/55900 245 10$aS. Ambrogio e S. Atanasio nel De Virginibus /$c[Luigi Dossi]. 264 1$aMilano :$b[s.n.],$c1951. 300 $aP. 241-262 ;$c23 cm 500 $aEstratto da: ACME (Annali della Facoltà di Filosofia e Lettere della Università Statale di Milano, vol. 4., fasc. 2, 1951 850 $aSeMil 852 $aSeMil$W1$xVenegono$y1$m5B VIII 9/22$j262509$B255390$CSeMilBibl$Z2$F255390 $81 996 $6245$aS. Ambrogio e S. Atanasio nel De Virginibus$9(OLS)http://semarc/title/455930 996 $6264$aMilano :$b[s.n.]$9(OLS)http://semarc/publisher/29709 LEADER 01224nam a2200277 4500 001 000000350642 003 CaOOAMICUS 005 20240408140501.0 008 220623s2014 it 000 u ita r 020 $a978-88-06-15585-8 040 $aSeMil$bita 100 1 $aGinzburg, Leone,$d<1909-1944>.$0(OLS)http://semarc/name/8655 245 10$aScritti /$cLeone Ginzburg ; a cura di Domenico Zucàro ; prefazione di Luisa Mangoni ; introduzione di Norberto Bobbio. 264 3$aTorino :$bEinaudi,$cstampa 2014. 300 $aLXXVI, 489 p. ;$c21 cm 490 1 $aBiblioteca Einaudi ;$v99 700 1 $aZucaro, Domenico.$0(OLS)http://semarc/name/116059 700 1 $aMangoni, Luisa,$d<1941-2014>.$0(OLS)http://semarc/name/37019 700 1 $aBobbio, Norberto,$d<1909-2004>.$0(OLS)http://semarc/name/1206 830 0$aBiblioteca Einaudi ;$v99.$0(OLS)http://semarc/title/5944 850 $aSeMil 852 $aSeMil$W1$xVenegono$y1$m1B II 171$j233318$B241646$CSeMilBibl$Z2$F241646 $81 996 $6020$a978-88-06-15585-8$9(OLS)http://semarc/number/296132 996 $6245$aScritti$9(OLS)http://semarc/title/2407 996 $6264$aTorino :$bEinaudi$9(OLS)http://semarc/publisher/29884